Basic steps in astronomy /

Bibliographic Details
Main Author: Boulton, John
Format: Book
Language:English
Published: Poole : Blandford, 1979.
Subjects:

MARC

Tag First Indicator Second Indicator Subfields
LEADER 00000cam a2200000 a 4500
001 in00000069488
005 20151008053402.0
008 810123s1979 enka 00110 eng d
015 |a GB*** 
020 |a 0713710128 
035 |a (OCoLC)07081289 
035 |9 AAH7263AM 
040 |a LSL  |c LSL  |d TXA  |d UtOrBLW 
049 |a TXAM  |c [1387081] 
090 |a QB44.2  |b .B6 
092 |a 520  |b Bou 
100 1 |a Boulton, John. 
245 1 0 |a Basic steps in astronomy /  |c John Boulton. 
264 1 |a Poole :  |b Blandford,  |c 1979. 
300 |a 144 pages, 4 unnumbered pages of plates :  |b illustrations (some color) ;  |c 23 cm. 
336 |a text  |b txt  |2 rdacontent 
337 |a unmediated  |b n  |2 rdamedia 
338 |a volume  |b nc  |2 rdacarrier 
500 |a Includes index. 
650 0 |a Astronomy. 
999 |a MARS 
999 f f |s 82eeb0e1-5dce-33ad-abee-1ed148c9f370  |i 4e528fd3-e8c8-3f04-b0de-fd80258ec47a  |t 0 
952 f f |p ric  |a Texas A&M University  |b Rellis Campus  |c Joint Library Facility  |d Remote Storage  |t 0  |e QB44.2 .B6  |h Library of Congress classification  |i unmediated -- volume  |m A14806206334 
998 f f |a QB44.2 .B6  |t 0  |l Remote Storage